Statistics for Car Brands (european version)

Click here to take the quiz!

General Stats

  • This quiz has been taken 5,367 times
    (5,148 since last reset)
  • The average score is 18 of 27

Answer Stats

ModelsBrands% Correct
GolfVolkswagen
95%
X5BMW
93%
PuntoFiat
88%
AstraOpel / Vauxhall
85%
CayennePorsche
84%
RS4Audi
82%
TestarossaFerrari
82%
MurciélagoLamborghini
82%
OctaviaŠkoda
82%
VeyronBugatti
79%
IbizaSeat
78%
DiscoveryLand Rover
74%
LagunaRenault
74%
BerlingoCitroën
70%
406Peugeot
70%
VanquishAston Martin
69%
300D (W124)Mercedes-Benz
69%
Continental GTBentley
64%
S80Volvo
64%
EliseLotus
58%
SanderoDacia
56%
FortwoSmart
54%
BreraAlfa-Romeo
46%
9-5Saab
46%
YpsilonLancia / Chrysler
39%
PrioraLada
29%
SiberVolga
8%

Score Distribution

Percentile by Number Answered

Percent of People with Each Score

Your Score History

You have not taken this quiz since the last reset